000 00647cam a2200253 4500
001 J2033
008 090401t1993 xxu||||| |||| 00| 0 eng d
035 _a(Sirsi) u46836
041 _aeng
050 _a630.026
090 _a630.026
110 _aCentral Association of Agricultural Valuers
245 _aAnnual tenanted farms survey 1993.
260 _bCAAV
_c1993
300 _a(7)p. ; 30cm.
350 _a0
650 _aPROPERTY-LANDLORD AND TENANT-TENANCIES-AGRICULTURAL TENANCIES
650 _aFARMING
650 _aSTATISTICS
650 _aTENANTED FARMS
690 _aRURAL PRACTICE
942 _n0
948 _c04/03/1997
999 _c92019
_d92019